Представление документа в формате RUSMARC

ПолеНазваниеЗначение
  Тип записи a
  Библиографический уровень a
001 Контрольный номер RU/CBS_UL/BASE/693683726
005 Дата корректировки 20240209175315.9
100 Данные общей обработки __
a Данные общей обработки 20211224d2021 ||| 0rusy0189 ca
101 Язык документа 0_
a Язык текста rus
102 Страна публикации __
a Страна публикации RU
105 Кодированные данные (монография) __
a Кодированные данные (монография) y###||||000|y
181 Поле кодированных данных: вид содержания _1
a Код вида содержания (ISBD) i#
b Код характеристики содержания (ISBD) #xxe##
d i
g x
h x
i e
2 Код системы (источник кода, отличный от ISBD) isbdcontent
182 Поле кодированных данных: тип средства _1
a Код типа средства (ISBD) n
2 Код системы (источник кода, отличный от ISBD) isbdmedia
200 Заглавие и сведения об ответственности 1_
a Заглавие Пептиды и ковид
b Общее обозначение материала Текст
e Сведения, относящиеся к заглавию [пептиды для лечения короновирусной инфекции]
f Первые сведения об ответственности М. Н. Сомова ; [мат. подгот. А. Фролова]
w Текст (визуальный) : непосредственный
203 Вид содержания и тип средства __
a Вид содержания Текст
b Характеристика содержания визуальный
c Тип средства непосредственный
333 Примечание о целевом назначении __
a Примечание о целевом назначении 16+
461 Уровень набора _0
1 2000
a Женское здоровье
463 Уровень физической единицы _0
1 001RU/CBS_UL/BASE/693588158
1 2000
a № 12
v С. 16-17 : фото
1 210
d 2021
606 Тематические рубрики 0_
a Основная рубрика Коронавирусные инфекции - Лечение
610 Ключевые слова 0_
a Ключевые слова коронавирусные инфекции
a Ключевые слова инфекции коронавирусные
a Ключевые слова лечение коронавирусной инфекции
a Ключевые слова профилактика коронавирусной инфекции
a Ключевые слова пептиды
a Ключевые слова пептидная терапия
a Ключевые слова терапия пептидная
a Ключевые слова пептидные биорегуляторы
a Ключевые слова биорегуляторы пептидные
a Ключевые слова Бронхоген (пептиды)
a Ключевые слова Кардиоген (пептиды)
686 Индексы других классификаций __
a Классификационный индекс 55.142
2 Код системы rubbk
700 Автор _1
a Фамилия Сомова
b Имя (инициалы) М. Н.
801 Источник записи _0
a Страна RU
b Организация МБУК ЦБС г. Ульяновска
c Дата составления 20211224
g Правила каталогизации RCR
801 Источник записи _1
a Страна RU
b Организация МБУК ЦБС г. Ульяновска
c Дата составления 20211224
g Правила каталогизации RCR
901 Тип документа __
t Тип документа b
w Контрольный № источника RU/CBS_UL/BASE/693588158
910 Корректоры записи __
a Корректор записи Библиотека 2
938 Служебная информация __
a Имя БД period